| 000 | 00443nam a22001337a 4500 | ||
|---|---|---|---|
| 020 | _a9787100104845 | ||
| 082 |
_a300 _bGUO |
||
| 100 | _aSu, Guoxun | ||
| 245 |
_aRationalization and Its Limits: An Introduction to Weber's Thought (Chinese Edition) / _cGuoxun Su |
||
| 260 |
_aChina : _bThe Commercial Press, _c2016. |
||
| 300 |
_a420 p. ; _c24 cm. |
||
| 880 |
_6245-02\r _a理性化及其限制 : 韋伯思想引論 / |
||
| 942 |
_2ddc _cBK |
||
| 999 |
_c591841 _d591841 |
||